Sarod mantrika pandit Rajiva Taranatha: jivana raga (Record no. 142659)

MARC details
000 -LEADER
fixed length control field 00843nam a2200277Ia 4500
003 - CONTROL NUMBER IDENTIFIER
control field OSt
005 - DATE AND TIME OF LATEST TRANSACTION
control field 20260211115807.0
008 - FIXED-LENGTH DATA ELEMENTS--GENERAL INFORMATION
fixed length control field 210210b2010 xxu||||| |||| 00| 0 eng d
040 ## - CATALOGING SOURCE
Transcribing agency AL
041 ## - LANGUAGE CODE
Language code of text/sound track or separate title Kannada
082 ## - DEWEY DECIMAL CLASSIFICATION NUMBER
Classification number 927.8K SUMS
100 ## - MAIN ENTRY--PERSONAL NAME
Personal name SUMANGALA
Dates associated with a name ಸುಮಂಗಲಾ
9 (RLIN) 254445
245 ## - TITLE STATEMENT
Title Sarod mantrika pandit Rajiva Taranatha: jivana raga
Remainder of title ಸರೋದ್ ಮಾಂತ್ರಿಕ ಪಂಡಿತ್ ರಾಜೀವ ತಾರಾನಾಥ: ಜೀವನ ರಾಗ
260 ## - PUBLICATION, DISTRIBUTION, ETC.
Place of publication, distribution, etc. BengaLuru
Name of publisher, distributor, etc. Ankita Pustaka
Date of publication, distribution, etc. 2010
300 ## - PHYSICAL DESCRIPTION
Extent 352
650 ## - SUBJECT ADDED ENTRY--TOPICAL TERM
Topical term or geographic name entry element TArAnAtha:
9 (RLIN) 254446
650 ## - SUBJECT ADDED ENTRY--TOPICAL TERM
Topical term or geographic name entry element SarOd
9 (RLIN) 254447
650 ## - SUBJECT ADDED ENTRY--TOPICAL TERM
Topical term or geographic name entry element RAjIva
9 (RLIN) 254448
650 ## - SUBJECT ADDED ENTRY--TOPICAL TERM
Topical term or geographic name entry element rAga
9 (RLIN) 254449
650 ## - SUBJECT ADDED ENTRY--TOPICAL TERM
Topical term or geographic name entry element panDit
9 (RLIN) 254450
650 ## - SUBJECT ADDED ENTRY--TOPICAL TERM
Topical term or geographic name entry element mAntrika
9 (RLIN) 254451
650 ## - SUBJECT ADDED ENTRY--TOPICAL TERM
Topical term or geographic name entry element jIvana
9 (RLIN) 254452
690 ## - LOCAL SUBJECT ADDED ENTRY--TOPICAL TERM (OCLC, RLIN)
Topical term or geographic name as entry element Biography
9 (RLIN) 254453
906 ## - LOCAL DATA ELEMENT F, LDF (RLIN)
a 065204
942 ## - ADDED ENTRY ELEMENTS (KOHA)
Source of classification or shelving scheme Dewey Decimal Classification
Koha item type Book
Holdings
Withdrawn status Lost status Source of classification or shelving scheme Damaged status Not for loan Collection code Home library Current library Shelving location Date acquired Source of acquisition Cost, normal purchase price Total Checkouts Full call number Barcode Date last seen Price effective from Koha item type
    Dewey Decimal Classification     Kannada St Aloysius Library St Aloysius Library   02/17/2021 Athree Book Centre Balmatta, Mangalore-01 250.00   927.8K SUMS 065204 02/17/2021 02/17/2021 Book